书目信息 |
| 题名: |
怎样对待困难
|
|
| 作者: | 伍学文 著 | |
| 分册: | ||
| 出版信息: | 上海 上海人民出版社 1959 |
|
| 页数: | 60页 | |
| 开本: | 19cm | |
| 丛书名: | ||
| 单 册: | ||
| 中图分类: | D648.4 | |
| 科图分类: | ||
| 主题词: | 革命乐观主义教育 | |
| 电子资源: | ||
| ISBN: | 7074.258 | |
| 000 | 00619cam0 2200229 450 | |
| 001 | 0105452583 | |
| 005 | 20061218133815.0 | |
| 010 | @a7074.258@dCNY0.15 | |
| 091 | @a7074.258@dCNY0.15 | |
| 100 | @a19951222d1959 em y0chiy0110 ea | |
| 101 | 0 | @achi |
| 102 | @aCN@b310000 | |
| 105 | @ay z 000yy | |
| 106 | @ar | |
| 200 | 1 | @a怎样对待困难@9Zen Yang Dui Dai Kun Nan @f伍学文著@b专著 |
| 210 | @a上海@c上海人民出版社@d1959 | |
| 215 | @a60页@d19cm | |
| 606 | 0 | @a革命乐观主义教育 |
| 690 | @aD648.4@v3 | |
| 701 | 0 | @a伍学文@9wu xue wen@4著 |
| 801 | 0 | @aCN@b上海图书馆@c19970403 |
| 905 | @aBZT@dD648.4@e3@f1@sD648.4/3 | |
| 怎样对待困难/伍学文著.-上海:上海人民出版社,1959 |
| 60页;19cm |
| ISBN 7074.258:CNY0.15 |
| ● |
| 相关链接 |
|
|
|
正题名:怎样对待困难
索取号:D648.4/3
 
预约/预借
| 序号 | 登录号 | 条形码 | 馆藏地/架位号 | 状态 | 备注 |
| 1 | 2000079405 | 2000079405 | 旧书回溯/ [索取号:D648.4/3] | 在馆 |